000 00876nam a2200265 i 4500
001 bg
100 1 _aWÓJTOWICZ, Stanisław
245 1 0 _aZarys anatomii i fizjologii człowieka z wybranymi zagadnieniami patofizjologii dla nauczycieli i studentów /
_cStanisław Wójtowicz.
250 _aWyd. 2.
260 _aKraków :
_bWydaw. Naukowe Akademii Pedagogicznej,
_c2003.
300 _a184, [5] s. :
_brys. ;
_c24 cm.
500 _aBibliogr.
650 9 _aAnatomia
650 9 _aFizjologia
650 9 _aFizjologia patologiczna
655 _aPodręczniki akademickie
020 _a8372712077
040 _cBPK
041 0 _apol
080 _a611/612:616-092(075.8)
920 _a83-7271-207-7
942 _cKS
008 s pl f |000 0 pol
999 _c46199
_d46199
856 _uhttp://koha.tu.koszalin.pl/cgi-bin/koha/opac-detail.pl?biblionumber=46199
_yKatalog online BPK